Регионална библиотека "Любен Каравелов" - Русе

Поверително от Ел Ей (Запис номер 24200)

MARC детайли
000 -Лидер
Контролно поле с фиксирана дължина 01182nam a2200313 c 4500
003 - Код на организацията, давaща контролен номер
Контролно поле BLK
005 - Дата и час на последна редакция
Контролно поле 20250218103303.0
008 - Елементи от данни с фиксирана дължина
fixed length control field 180413b bul|||||r ||||||| ||bul||
010 ## - Наследен системен номер
LC control number KNG00026705000
040 ## - Източник на каталожния запис
Идентификатор на билиотеката - собственик на записа BLK
041 ## - Код за език
Код за езика на текст/звукозапис или на отделно заглавие Български
Код за езика КДБФ Български
080 ## - УДК
Текстов определител УДК Американска литература (на САЩ)
УДК код - определител по УДК 821.111(73)
УДК определител -312.4
УДК - код + определител 821.111(73)-312.4
100 1# - Редна дума - Автор
Автор Елрой, Джеймс
Авторска отговорност първи автор
R(LIN) 67068
139 ## - Редно поле
Редна дума Елрой, Джеймс
Авторски знак Елн - Е 55
245 10 - Сведения за заглавието
Заглавие Поверително от Ел Ей
Подзаглавни данни Роман
Редно поле (дума) Джеймс Елрой; прев. от англ. Рени Димитрова.
257 ## - Страна на издаване
Страна на създаване/издаване Съединени американски щати
260 ## - Област на издателските данни
-- София
Име на издателя, разпространителя и проч. Атика
Година на издаване 1999
Печатница София : Атика
300 ## - Физическа характеристика
Страници 416 с.
Размери/Мащаб 20 см
380 ## - Жанр
Жанр Худож. лит.
490 1# - СЕРИИ (Колекции)
Име на серия Crimi Mystery
500 ## - Общи забележки
Забележка Ориг. загл. L. A. Confidential / James Elroy. - Офс. изд. - 2 700 тир.
700 1# - Други автори (авторска отговорност)
Лично име Димитрова, Рени
Автороска отговорност (Описва отношението между автора и произведението) прев. от англ.
9 (RLIN) 364069
852 ## - Местоположение
Форматна сигнатура Цб 195165
856 4# - Електронен адрес и достъп
Електронен формат pdf - файл
Път до файла /url/
856 4# - Електронен адрес и достъп
Електронен формат pdf - файл
Път до файла /url/
942 ## - АРТИКУЛИ
Вид на библиотечния материал Книги
Скрит в OPAC Не
Koha issues (borrowed), all copies 11
944 ## - СЪЗДАВАНЕ И РЕДАКЦИЯ на ЗАПИСА
Създаване/Редакция Създаване
Дата на регистрацията/редакция 15.01.2003
Служител, извършил регистрацията/редакцията 30530
Статус, дата на статуса Минев Младен
944 ## - СЪЗДАВАНЕ И РЕДАКЦИЯ на ЗАПИСА
Създаване/Редакция Редакция
Дата на регистрацията/редакция 12.07.2005
Служител, извършил регистрацията/редакцията
999 ## - СИСТЕМНИ КОНТРОЛНИ НОМЕРА
Koha biblionumber 24200
Koha biblioitemnumber 24200
Наличности
Код за отписване Код за изгубен артикул Източник на класификационната схема Код за повреда Коз за рестрикции Код за отдаване Артикулен № Име на библиотеката - собственик Име на библиотеката, в която се намира в момента Статус (Текущо местоположение) Дата на вписване в системата Местоположение - отдел Цена в лева Инвентарен номер Систематично азбучна сигнатура Баркод Номер на екземпляра Цена в евро Служебна бележка Служебен тип на артикула Бележка за публиката
  Не е изгубен Universal Decimal Classification Не е повреден без рестрикции ползва се в читалня 39954 Регионална библиотека "Любен Каравелов" Русе Регионална библиотека "Любен Каравелов" Русе Хранилище 2001-01-01 Хранилище 5.00 647015 Цб 195165 120000647015 1 2.56 Дост: Dp Вид: Д N: стар фонд Дата: 01.01.1999 Книги  
Изтеглен Не е изгубен   Не е повреден без рестрикции заемане за дома 39955 Регионална библиотека "Любен Каравелов" Русе Регионална библиотека "Любен Каравелов" Русе   2005-05-11 Заемна - подръчен фонд 4.00 120000694056 П 820(73)-31/Е 55 120000694056 2 2.05 Дост: Pk Вид: Ф N: 19 Дата: 05.05.2005 Книги Отч.N: 20/2018 , Дата: 26.03.2018
  Не е изгубен   Не е повреден без рестрикции заемане за дома 39956 Регионална библиотека "Любен Каравелов" Русе Регионална библиотека "Любен Каравелов" Русе Заемна - подръчен фонд 2005-07-05 Заемна - подръчен фонд 5.00 120000695240 П 820(73)-31/Е 55 120000695240 3 2.56 Дост: DA Вид: А N: 18 Дата: 04.07.2005 Дата инв: 02.03.2018 Бележки инв: П2018 Книги  
Vip Innovations Ltd, Rousse, Bulgaria 2025